| 000 | 00862cab a2200313 4500 | ||
|---|---|---|---|
| 001 | WB3404-32 | ||
| 008 | 090401t1998 xxu||||| |||| 00| 0 eng d | ||
| 035 | _a(Sirsi) u83394 | ||
| 041 | _aeng | ||
| 245 | _aChanging face of Edinburgh | ||
| 260 | _c1998 | ||
| 350 | _a0 | ||
| 490 |
_aScotsman _v27 January 1998, 27(2) |
||
| 520 | _aConsiders the transformation of Edinburgh`s premier financial street, George Street into a popular leisure district. | ||
| 650 | _aALTERNATIVE USES | ||
| 650 | _aBANK BUILDINGS | ||
| 650 | _aEDINBURGH | ||
| 650 | _aFINANCIAL CENTRES | ||
| 650 | _aGEORGE STREET | ||
| 650 | _aLEISURE MARKET | ||
| 650 | _aLEISURE USES | ||
| 650 | _aREDEVELOPMENT | ||
| 650 | _aREDUNDANT BUILDINGS | ||
| 650 | _aRESTAURANTS | ||
| 650 | _aSCOTLAND | ||
| 690 | _aLEISURE AND RECREATION | ||
| 942 | _n0 | ||
| 948 | _c29/01/1998 | ||
| 999 |
_c52673 _d52673 |
||